000 00938nam a22001817a 4500
008 110120s2001 ua|||||r|||| 000 0 ara d
082 _a630.962
_bع ل ا
100 _922115
_aعلام ، محمد نصر الدين
245 _aالمياه والأراضي الزراعية :
_b /في مصر : الماضي والحاضر والمستقبل
_cمحمد نصر الدين علام بالاشتراك مع محمد ناصر عزت ...[وآخ[
260 _aالقاهرة :
_bالمكتبة الأكاديمية ، 2001
_c2001
300 _a596 ص :
_bأيض ؛
_c20 سم
490 _921479
_aمكتبة مصر 2020
541 _aد. باسم أحمد ؛
_cإهداء ؛
650 _922117
_aالزراعة
_zمصر
700 _922116
_aعزت ، محمد ناصر
942 _2ddc
_cBB
999 _c14934
_d14934